000 00527nam a2200145Ia 4500
008 151213s9999 xx 000 0 und d
100 _aসোলায়মান আহসান।
245 _aদাড়াও সকাল বিরুপতা।
_cসোলায়মান আহসান।
260 _aঢাকা
_bআধুনিক প্রেস।
_c1985
300 _a8801 p.
650 _aBangla
650 _aকবিতা
700 _aসোলায়মান আহসান।
999 _c4586
_d4586